Business vocabulary in use : Intermediate and Upper-intermediate
Uloženo v:
| Hlavní autor: | |
|---|---|
| Médium: | Kniha |
| Jazyk: | Undetermined |
| Vydáno: |
Thành phố Hồ Chí Minh
Trẻ
2002
|
| Témata: | |
| Tagy: |
Přidat tag
Žádné tagy, Buďte první, kdo otaguje tento záznam!
|
| Thư viện lưu trữ: | Trung tâm Học liệu Trường Đại học Cần Thơ |
|---|
| LEADER | 00632nam a2200217Ia 4500 | ||
|---|---|---|---|
| 001 | CTU_60577 | ||
| 008 | 210402s9999 xx 000 0 und d | ||
| 020 | |b 17000 | ||
| 082 | |a 428.24 | ||
| 082 | |b M395 | ||
| 100 | |a Mascull, Bill | ||
| 245 | 0 | |a Business vocabulary in use : | |
| 245 | 0 | |b Intermediate and Upper-intermediate | |
| 245 | 0 | |c Bill Mascull; First News biên dịch | |
| 260 | |a Thành phố Hồ Chí Minh | ||
| 260 | |b Trẻ | ||
| 260 | |c 2002 | ||
| 650 | |a English language | ||
| 650 | |x Textbooks for foreign speakers | ||
| 904 | |i Minh,Hải | ||
| 980 | |a Trung tâm Học liệu Trường Đại học Cần Thơ | ||